01840nam a2200385 a 4500001001200000003000800012006001900020007001500039008004100054010001700095020001500112020001800127020002700145040002100172035002100193050002300214082002700237111011200264245010200376260008800478300002500566490005400591500008100645500019200726504005100918533015200969650002301121650002401144650002801168655002901196700003101225710001701256830005501273856012601328ebr10516663CaPaEBRm u cr cn|||||||||830715s1983 nyuad sb 101 0 eng d z 83015463  z0915928779 z9780915928774 z9781600863424 (e-book) aCaPaEBRcCaPaEBR a(OCoLC)77428571014aQD516b.I58 1981eb04a629.1 sa621.402/32192 aInternational Colloquium on Gasdynamics of Explosions and Reactive Systemsn(8th :d1981 :cMinsk, Belarus)10aFlames, lasers, and reactive systemsh[electronic resource] /cedited by J.R. Bowen ... [et al.]. aNew York, N.Y. :bAmerican Institute of Aeronautics and Astronautics, Inc.,cc1983. axxiv, 436 p. :bill.1 aProgress in astronautics and aeronautics ;vv. 88 aCompanion vol. to the colloquium's Shock waves, explosions, and detonations. a"Technical papers selected from the eighth International Colloquium on Gasdynamics of Explosions and Reactive Systems, Minsk, USSR, August 1981, and subsequently revised for this volume." aIncludes bibliographical references and index. aElectronic reproduction.bPalo Alto, Calif. :cebrary,d2013.nAvailable via World Wide Web.nAccess may be limited to ebrary affiliated libraries. 0aFlamevCongresses. 0aLasersvCongresses. 0aExplosionsvCongresses. 7aElectronic books.2local1 aBowen, J. R.q(J. Raymond)2 aebrary, Inc. 0aProgress in astronautics and aeronautics ;vv. 88.40uhttp://site.ebrary.com/lib/rucke/Doc?id=10516663zAn electronic book accessible through the World Wide Web; click to view